[Event "Stay Safe Play From Home 395"]
[Site "Emanuel Lasker Arena"]
[Date "2020.08.19"]
[Round "6"]
[White "Hickey"]
[Black "IceQueen"]
[Result "1/2-1/2"]
[WhiteElo "2224"]
[BlackElo "2375"]
[PlyCount "106"]
[EventDate "2020.08.19"]
[EventType "swiss (blitz)"]

1. Nf3 {[%emt 0:00:01]} d6 {[%emt 0:00:00]} 2. b3 {[%emt 0:00:01]} Nf6 {[%emt 0:00:00]} 3. Bb2 {[%emt 0:00:01]} g6 {[%emt 0:00:00]} 4. Bxf6 {[%emt 0:00:01]} exf6 {[%emt 0:00:00]} 5. d4 {[%emt 0:00:00]} Bg7 {[%emt 0:00:00]} 6. c4 {[%emt 0:00:00]} f5 {[%emt 0:00:00]} 7. Nc3 {[%emt 0:00:00]} O-O {[%emt 0:00:00]} 8. e3 {[%emt 0:00:00]} Nd7 {[%emt 0:00:00]} 9. Bd3 {[%emt 0:00:00]} Nf6 {[%emt 0:00:00]} 10. O-O {[%emt 0:00:00]} Re8 {[%emt 0:00:00]} 11. Qc2 {[%emt 0:00:00]} Qe7 {[%emt 0:00:00]} 12. Nd2 {[%emt 0:00:01]} c6 {[%emt 0:00:00]} 13. Rae1 {[%emt 0:00:00]} a6 {[%emt 0:00:00]} 14. f3 {[%emt 0:00:00]} Nd7 {[%emt 0:00:02]} 15. Ne2 {[%emt 0:00:02]} c5 {[%emt 0:00:01]} 16. e4 {[%emt 0:00:07]} cxd4 {[%emt 0:00:05]} 17. exf5 {[%emt 0:00:01]} Nc5 {[%emt 0:00:01]} 18. fxg6 {[%emt 0:00:01]} hxg6 {[%emt 0:00:00]} 19. Nf4 {[%emt 0:00:01]} Qxe1 {[%emt 0:00:01]} 20. Rxe1 {[%emt 0:00:00]} Rxe1+ {[%emt 0:00:00]} 21. Kf2 {[%emt 0:00:00]} Re3 {[%emt 0:00:00]} 22. Bxg6 {[%emt 0:00:01]} fxg6 {[%emt 0:00:05]} 23. Qxg6 {[%emt 0:00:00]} Bd7 {[%emt 0:00:02]} 24. Nh5 {[%emt 0:00:05]} Ne6 {[%emt 0:00:09]} 25. Nf6+ {[%emt 0:00:03]} Kf8 {[%emt 0:00:02]} 26. Nxd7+ {[%emt 0:00:01]} Ke7 {[%emt 0:00:00]} 27. Nb6 {[%emt 0:00:00]} Rf8 {[%emt 0:00:03]} 28. Nd5+ {[%emt 0:00:01]} Kd7 {[%emt 0:00:00]} 29. Nxe3 {[%emt 0:00:01]} dxe3+ {[%emt 0:00:00]} 30. Kxe3 {[%emt 0:00:01]} Bd4+ {[%emt 0:00:00]} 31. Ke4 {[%emt 0:00:03]} Rf4+ {[%emt 0:00:01]} 32. Kd3 {[%emt 0:00:00]} Rf6 {[%emt 0:00:00]} 33. Qh7+ {[%emt 0:00:02]} Kc6 {[%emt 0:00:00]} 34. Kc2 {[%emt 0:00:00]} Be5 {[%emt 0:00:01]} 35. Ne4 {[%emt 0:00:01]} Nd4+ {[%emt 0:00:01]} 36. Kd3 {[%emt 0:00:01]} Re6 {[%emt 0:00:02]} 37. Qf7 {[%emt 0:00:01]} b5 {[%emt 0:00:04]} 38. cxb5+ {[%emt 0:00:01]} axb5 {[%emt 0:00:00]} 39. a4 {[%emt 0:00:00]} bxa4 {[%emt 0:00:01]} 40. bxa4 {[%emt 0:00:00]} Rh6 {[%emt 0:00:00]} 41. Qc4+ {[%emt 0:00:01]} Kd7 {[%emt 0:00:00]} 42. Qd5 {[%emt 0:00:01]} Rxh2 {[%emt 0:00:02]} 43. Nxd6 {[%emt 0:00:01]} Bxd6 {[%emt 0:00:03]} 44. Qxd4 {[%emt 0:00:01]} Rxg2 {[%emt 0:00:00]} 45. Qg4+ {[%emt 0:00:00]} Rxg4 {[%emt 0:00:01]} 46. fxg4 {[%emt 0:00:00]} Ke6 {[%emt 0:00:00]} 47. Kc4 {[%emt 0:00:01]} Kf6 {[%emt 0:00:00]} 48. Kd5 {[%emt 0:00:01]} Bg3 {[%emt 0:00:01]} 49. a5 {[%emt 0:00:01]} Bf2 {[%emt 0:00:00]} 50. a6 {[%emt 0:00:00]} Kg5 {[%emt 0:00:00]} 51. Kc6 {[%emt 0:00:00]} Kxg4 {[%emt 0:00:00]} 52. Kb7 {[%emt 0:00:00]} Kf5 {[%emt 0:00:00]} 53. a7 {[%emt 0:00:00]} Bxa7 {[%emt 0:00:01] (Lag: Av=0.66s, max=3.1s) (Lag: Av=0.66s, max=3.1s) (Lag: Av=0.66s, max=3.1s)} 1/2-1/2

[Event "Stay Safe Play From Home 395"]
[Site "Emanuel Lasker Arena"]
[Date "2020.08.19"]
[Round "6"]
[White "MihailoVujic"]
[Black "Fat Kevin"]
[Result "1-0"]
[WhiteElo "2172"]
[BlackElo "2066"]
[PlyCount "42"]
[EventDate "2020.08.19"]
[EventType "swiss (blitz)"]

1. e4 {[%emt 0:00:01]} c5 {[%emt 0:00:00]} 2. c3 {[%emt 0:00:01]} Nf6 {[%emt 0:00:00]} 3. e5 {[%emt 0:00:01]} Nd5 {[%emt 0:00:01]} 4. d4 {[%emt 0:00:00]} e6 {[%emt 0:00:00]} 5. Nf3 {[%emt 0:00:00]} d6 {[%emt 0:00:02]} 6. c4 {[%emt 0:00:01]} Nc7 {[%emt 0:00:01]} 7. dxc5 {[%emt 0:00:00]} dxc5 {[%emt 0:00:03]} 8. Qxd8+ {[%emt 0:00:00]} Kxd8 {[%emt 0:00:00]} 9. Nc3 {[%emt 0:00:00]} Nc6 {[%emt 0:00:01]} 10. Bg5+ {[%emt 0:00:00]} Be7 {[%emt 0:00:02]} 11. O-O-O+ {[%emt 0:00:00]} Ke8 {[%emt 0:00:01]} 12. Bxe7 {[%emt 0:00:01]} Kxe7 {[%emt 0:00:00]} 13. Ne4 {[%emt 0:00:01]} b6 {[%emt 0:00:01]} 14. Nd6 {[%emt 0:00:01]} Ba6 {[%emt 0:00:03]} 15. b3 {[%emt 0:00:01]} Rad8 {[%emt 0:00:01]} 16. Be2 {[%emt 0:00:02]} Nxe5 {[%emt 0:00:02]} 17. Nxe5 {[%emt 0:00:01]} Rxd6 {[%emt 0:00:01]} 18. Rxd6 {[%emt 0:00:01]} f6 {[%emt 0:00:01]} 19. Rd7+ {[%emt 0:00:02]} Ke8 {[%emt 0:00:00]} 20. Rxc7 {[%emt 0:00:01]} fxe5 {[%emt 0:00:00]} 21. Rd1 {[%emt 0:00:01]} Rf8 {[%emt 0:00:03] Fat Kevin gibt auf Fat Kevin gibt auf Fat Kevin gibt auf (Lag: Av=0.52s, max=0.7s) (Lag: Av=0.52s, max=0.7s) (Lag: Av=0.52s, max=0.7s)} 1-0

[Event "Stay Safe Play From Home 395"]
[Site "Emanuel Lasker Arena"]
[Date "2020.08.19"]
[Round "7"]
[White "NTBT_DHS"]
[Black "IceQueen"]
[Result "1-0"]
[WhiteElo "2511"]
[BlackElo "2368"]
[PlyCount "135"]
[EventDate "2020.08.19"]
[EventType "swiss (blitz)"]

1. e4 {[%emt 0:00:01]} c5 {[%emt 0:00:00]} 2. Nf3 {[%emt 0:00:01]} e6 {[%emt 0:00:01]} 3. Nc3 {[%emt 0:00:00]} Nc6 {[%emt 0:00:01]} 4. d4 {[%emt 0:00:00]} cxd4 {[%emt 0:00:00]} 5. Nxd4 {[%emt 0:00:00]} a6 {[%emt 0:00:00]} 6. Be3 {[%emt 0:00:01]} Qc7 {[%emt 0:00:00]} 7. Qd2 {[%emt 0:00:01]} Nf6 {[%emt 0:00:00]} 8. Nxc6 {[%emt 0:00:01]} bxc6 {[%emt 0:00:01]} 9. Bd3 {[%emt 0:00:00]} d5 {[%emt 0:00:01]} 10. O-O {[%emt 0:00:00]} Rb8 {[%emt 0:00:00]} 11. b3 {[%emt 0:00:01]} Bb4 {[%emt 0:00:01]} 12. a3 {[%emt 0:00:01]} Ba5 {[%emt 0:00:00]} 13. b4 {[%emt 0:00:01]} Bb6 {[%emt 0:00:00]} 14. Bxb6 {[%emt 0:00:02]} Qxb6 {[%emt 0:00:00]} 15. Qf4 {[%emt 0:00:00]} O-O {[%emt 0:00:02]} 16. Na4 {[%emt 0:00:00]} Qb7 {[%emt 0:00:02]} 17. Nc5 {[%emt 0:00:00]} Qa7 {[%emt 0:00:00]} 18. e5 {[%emt 0:00:01]} Nd7 {[%emt 0:00:01]} 19. Qh4 {[%emt 0:00:01]} g6 {[%emt 0:00:01]} 20. Nxd7 {[%emt 0:00:02]} Bxd7 {[%emt 0:00:00]} 21. Kh1 {[%emt 0:00:01]} c5 {[%emt 0:00:01]} 22. f4 {[%emt 0:00:01]} cxb4 {[%emt 0:00:02]} 23. Rf3 {[%emt 0:00:01]} Qd4 {[%emt 0:00:04]} 24. Rd1 {[%emt 0:00:01]} f5 {[%emt 0:00:04]} 25. Qh6 {[%emt 0:00:07]} Rf7 {[%emt 0:00:01]} 26. axb4 {[%emt 0:00:00]} Qxb4 {[%emt 0:00:01]} 27. h4 {[%emt 0:00:01]} a5 {[%emt 0:00:01]} 28. h5 {[%emt 0:00:01]} Qf8 {[%emt 0:00:00]} 29. Qg5 {[%emt 0:00:00]} Qe7 {[%emt 0:00:01]} 30. Qg3 {[%emt 0:00:05]} Rg7 {[%emt 0:00:02]} 31. h6 {[%emt 0:00:03]} Rf7 {[%emt 0:00:01]} 32. c4 {[%emt 0:00:00]} Bc6 {[%emt 0:00:03]} 33. Rf2 {[%emt 0:00:01]} a4 {[%emt 0:00:01]} 34. Ra2 {[%emt 0:00:02]} a3 {[%emt 0:00:01]} 35. Bc2 {[%emt 0:00:01]} dxc4 {[%emt 0:00:02]} 36. Rxa3 {[%emt 0:00:01]} Bd5 {[%emt 0:00:01]} 37. Ra6 {[%emt 0:00:02]} Qf8 {[%emt 0:00:01]} 38. Rc1 {[%emt 0:00:03]} Qxh6+ {[%emt 0:00:02]} 39. Kg1 {[%emt 0:00:00]} Qf8 {[%emt 0:00:01]} 40. Qe3 {[%emt 0:00:01]} Rfb7 {[%emt 0:00:01]} 41. Kh2 {[%emt 0:00:02]} Rb2 {[%emt 0:00:00]} 42. Ra7 {[%emt 0:00:01]} Qh6+ {[%emt 0:00:01]} 43. Kg3 {[%emt 0:00:02]} R2b7 {[%emt 0:00:00]} 44. Rxb7 {[%emt 0:00:01]} Rxb7 {[%emt 0:00:00]} 45. Qc5 {[%emt 0:00:00]} Qf8 {[%emt 0:00:00]} 46. Qd4 {[%emt 0:00:01]} Qd8 {[%emt 0:00:01]} 47. Ra1 {[%emt 0:00:01]} Qc8 {[%emt 0:00:01]} 48. Ra6 {[%emt 0:00:01]} Rc7 {[%emt 0:00:01]} 49. Rd6 {[%emt 0:00:01]} c3 {[%emt 0:00:01]} 50. Qb6 {[%emt 0:00:01]} Kg7 {[%emt 0:00:02]} 51. Ba4 {[%emt 0:00:01]} Rf7 {[%emt 0:00:01]} 52. Qa5 {[%emt 0:00:02]} c2 {[%emt 0:00:01]} 53. Bxc2 {[%emt 0:00:00]} Qxc2 {[%emt 0:00:00]} 54. Rxd5 {[%emt 0:00:00]} exd5 {[%emt 0:00:02]} 55. e6 {[%emt 0:00:00]} Qd3+ {[%emt 0:00:00]} 56. Kh2 {[%emt 0:00:01]} Re7 {[%emt 0:00:00]} 57. Qa1+ {[%emt 0:00:00]} d4 {[%emt 0:00:01]} 58. Qa5 {[%emt 0:00:01]} Kf6 {[%emt 0:00:00]} 59. Qc7 {[%emt 0:00:00]} Qe4 {[%emt 0:00:00]} 60. Qd8 {[%emt 0:00:00]} Qxf4+ {[%emt 0:00:01]} 61. Kh1 {[%emt 0:00:01]} Qe5 {[%emt 0:00:00]} 62. Qf8+ {[%emt 0:00:00]} Kxe6 {[%emt 0:00:00]} 63. Qg8+ {[%emt 0:00:00]} Kd6 {[%emt 0:00:00]} 64. Qh8 {[%emt 0:00:00]} Qd5 {[%emt 0:00:00]} 65. Qb8+ {[%emt 0:00:00]} Kc6 {[%emt 0:00:01]} 66. Kh2 {[%emt 0:00:00]} Kd7 {[%emt 0:00:00]} 67. Qc8+ {[%emt 0:00:00]} Kd6 {[%emt 0:00:00]} 68. Kg1 {[%emt 0:00:00] Time Time Time (Lag: Av=0.54s, max=1.2s) (Lag: Av=0.54s, max=1.2s) (Lag: Av=0.54s, max=1.2s)} 1-0

[Event "Stay Safe Play From Home 395"]
[Site "Emanuel Lasker Arena"]
[Date "2020.08.19"]
[Round "7"]
[White "Tran Minh Thang"]
[Black "Lamborghini"]
[Result "1-0"]
[WhiteElo "2501"]
[BlackElo "2329"]
[PlyCount "75"]
[EventDate "2020.08.19"]
[EventType "swiss (blitz)"]

1. Nf3 {[%emt 0:00:02]} Nf6 {[%emt 0:00:01]} 2. c4 {[%emt 0:00:00]} g6 {[%emt 0:00:00]} 3. b3 {[%emt 0:00:01]} Bg7 {[%emt 0:00:00]} 4. Bb2 {[%emt 0:00:00]} O-O {[%emt 0:00:00]} 5. g3 {[%emt 0:00:00]} d6 {[%emt 0:00:00]} 6. Bg2 {[%emt 0:00:00]} c5 {[%emt 0:00:01]} 7. O-O {[%emt 0:00:00]} e5 {[%emt 0:00:00]} 8. d3 {[%emt 0:00:01]} Nc6 {[%emt 0:00:01]} 9. Nc3 {[%emt 0:00:00]} h6 {[%emt 0:00:00]} 10. Nd2 {[%emt 0:00:01]} Be6 {[%emt 0:00:01]} 11. a3 {[%emt 0:00:00]} Rb8 {[%emt 0:00:01]} 12. Nd5 {[%emt 0:00:01]} Bxd5 {[%emt 0:00:01]} 13. cxd5 {[%emt 0:00:01]} Ne7 {[%emt 0:00:01]} 14. b4 {[%emt 0:00:02]} cxb4 {[%emt 0:00:01]} 15. axb4 {[%emt 0:00:01]} a6 {[%emt 0:00:02]} 16. Qb3 {[%emt 0:00:01]} Qb6 {[%emt 0:00:01]} 17. Nc4 {[%emt 0:00:01]} Qc7 {[%emt 0:00:01]} 18. Rfc1 {[%emt 0:00:03]} Qd8 {[%emt 0:00:01]} 19. b5 {[%emt 0:00:01]} axb5 {[%emt 0:00:01]} 20. Qxb5 {[%emt 0:00:00]} Ne8 {[%emt 0:00:02]} 21. Ra7 {[%emt 0:00:03]} Nc7 {[%emt 0:00:05]} 22. Qb4 {[%emt 0:00:02]} b5 {[%emt 0:00:01]} 23. Nxd6 {[%emt 0:00:07]} Ncxd5 {[%emt 0:00:01]} 24. Qc5 {[%emt 0:00:01]} Nf6 {[%emt 0:00:04]} 25. Nb7 {[%emt 0:00:05]} Qc8 {[%emt 0:00:04]} 26. Qxe7 {[%emt 0:00:02]} Qxb7 {[%emt 0:00:04]} 27. Rxb7 {[%emt 0:00:01]} Rbe8 {[%emt 0:00:01]} 28. Qc7 {[%emt 0:00:02]} e4 {[%emt 0:00:00]} 29. Bxe4 {[%emt 0:00:01]} Nxe4 {[%emt 0:00:01]} 30. Bxg7 {[%emt 0:00:00]} Kxg7 {[%emt 0:00:01]} 31. dxe4 {[%emt 0:00:00]} Rxe4 {[%emt 0:00:00]} 32. Rd1 {[%emt 0:00:02]} Re6 {[%emt 0:00:01]} 33. Rd7 {[%emt 0:00:00]} Rf6 {[%emt 0:00:00]} 34. Qe5 {[%emt 0:00:01]} h5 {[%emt 0:00:00]} 35. Rxb5 {[%emt 0:00:01]} g5 {[%emt 0:00:02]} 36. Rb6 {[%emt 0:00:01]} Kg6 {[%emt 0:00:01]} 37. Qxf6+ {[%emt 0:00:01]} Kh7 {[%emt 0:00:01] Lamborghini gibt auf Lamborghini gibt auf Lamborghini gibt auf} 38. Rxf7+ {[%emt 0:00:01] (Lag: Av=0.71s, max=2.1s) (Lag: Av=0.71s, max=2.1s) (Lag: Av=0.71s, max=2.1s)} 1-0

[Event "Stay Safe Play From Home 395"]
[Site "Emanuel Lasker Arena"]
[Date "2020.08.19"]
[Round "7"]
[White "Fat Kevin"]
[Black "Hickey"]
[Result "0-1"]
[WhiteElo "2054"]
[BlackElo "2231"]
[PlyCount "100"]
[EventDate "2020.08.19"]
[EventType "swiss (blitz)"]

1. d4 {[%emt 0:00:01]} Nf6 {[%emt 0:00:02]} 2. c4 {[%emt 0:00:00]} e6 {[%emt 0:00:00]} 3. Nc3 {[%emt 0:00:00]} Bb4 {[%emt 0:00:00]} 4. Nf3 {[%emt 0:00:00]} O-O {[%emt 0:00:00]} 5. Qb3 {[%emt 0:00:01]} Nc6 {[%emt 0:00:02]} 6. a3 {[%emt 0:00:01]} Bxc3+ {[%emt 0:00:01]} 7. Qxc3 {[%emt 0:00:00]} b6 {[%emt 0:00:00]} 8. Bg5 {[%emt 0:00:02]} h6 {[%emt 0:00:01]} 9. Bh4 {[%emt 0:00:01]} Bb7 {[%emt 0:00:02]} 10. e3 {[%emt 0:00:01]} d6 {[%emt 0:00:01]} 11. Bd3 {[%emt 0:00:01]} Ne7 {[%emt 0:00:01]} 12. Bxf6 {[%emt 0:00:02]} gxf6 {[%emt 0:00:00]} 13. Qd2 {[%emt 0:00:03]} f5 {[%emt 0:00:02]} 14. Nh4 {[%emt 0:00:06]} Ng6 {[%emt 0:00:02]} 15. Nf3 {[%emt 0:00:02]} Qf6 {[%emt 0:00:01]} 16. h4 {[%emt 0:00:05]} c5 {[%emt 0:00:02]} 17. h5 {[%emt 0:00:01]} Ne7 {[%emt 0:00:01]} 18. Bc2 {[%emt 0:00:01]} Rac8 {[%emt 0:00:02]} 19. Nh4 {[%emt 0:00:01]} cxd4 {[%emt 0:00:01]} 20. exd4 {[%emt 0:00:00]} Rxc4 {[%emt 0:00:01]} 21. Rd1 {[%emt 0:00:03]} Bd5 {[%emt 0:00:08]} 22. b3 {[%emt 0:00:03]} Rc7 {[%emt 0:00:02]} 23. Qe2 {[%emt 0:00:05]} Rfc8 {[%emt 0:00:01]} 24. Bd3 {[%emt 0:00:01]} Bxb3 {[%emt 0:00:01]} 25. Rb1 {[%emt 0:00:01]} Bc2 {[%emt 0:00:01]} 26. Ra1 {[%emt 0:00:02]} Bxd3 {[%emt 0:00:02]} 27. Qxd3 {[%emt 0:00:01]} Rc3 {[%emt 0:00:00]} 28. Qd2 {[%emt 0:00:01]} Rc2 {[%emt 0:00:01]} 29. Qd1 {[%emt 0:00:01]} R8c4 {[%emt 0:00:02]} 30. Nf3 {[%emt 0:00:01]} Nc6 {[%emt 0:00:01]} 31. O-O {[%emt 0:00:01]} Nxd4 {[%emt 0:00:02]} 32. a4 {[%emt 0:00:01]} Rc1 {[%emt 0:00:03]} 33. Rxc1 {[%emt 0:00:01]} Rxc1 {[%emt 0:00:02]} 34. Qxc1 {[%emt 0:00:00]} Ne2+ {[%emt 0:00:01]} 35. Kh2 {[%emt 0:00:02]} Nxc1 {[%emt 0:00:00]} 36. Rxc1 {[%emt 0:00:00]} f4 {[%emt 0:00:02]} 37. Rc8+ {[%emt 0:00:00]} Kg7 {[%emt 0:00:01]} 38. g3 {[%emt 0:00:01]} fxg3+ {[%emt 0:00:01]} 39. Kxg3 {[%emt 0:00:00]} Qf5 {[%emt 0:00:01]} 40. Kg2 {[%emt 0:00:01]} Qxh5 {[%emt 0:00:00]} 41. Nh2 {[%emt 0:00:01]} Qg4+ {[%emt 0:00:00]} 42. Kh1 {[%emt 0:00:00]} Qe4+ {[%emt 0:00:01]} 43. Kg1 {[%emt 0:00:01]} Qe1+ {[%emt 0:00:00]} 44. Kg2 {[%emt 0:00:02]} Qe4+ {[%emt 0:00:00]} 45. Kg1 {[%emt 0:00:00]} Qxa4 {[%emt 0:00:00]} 46. Kg2 {[%emt 0:00:00]} Qb4 {[%emt 0:00:01]} 47. Nf3 {[%emt 0:00:00]} Qe4 {[%emt 0:00:01]} 48. Rg8+ {[%emt 0:00:00]} Kxg8 {[%emt 0:00:01]} 49. Kg3 {[%emt 0:00:00]} Kf8 {[%emt 0:00:00]} 50. Kh2 {[%emt 0:00:00]} Qg4 {[%emt 0:00:00] Zeit Zeit Zeit (Lag: Av=0.56s, max=1.7s) (Lag: Av=0.56s, max=1.7s) (Lag: Av=0.56s, max=1.7s)} 0-1

[Event "Stay Safe Play From Home 395"]
[Site "Emanuel Lasker Arena"]
[Date "2020.08.19"]
[Round "7"]
[White "theCHESSHOUSE"]
[Black "AChessPlayer"]
[Result "0-1"]
[WhiteElo "1971"]
[BlackElo "2411"]
[PlyCount "86"]
[EventDate "2020.08.19"]
[EventType "swiss (blitz)"]

1. d4 {[%emt 0:00:03]} Nf6 {[%emt 0:00:01]} 2. c4 {[%emt 0:00:01]} d6 {[%emt 0:00:00]} 3. Nc3 {[%emt 0:00:00]} Nbd7 {[%emt 0:00:00]} 4. e4 {[%emt 0:00:00]} e5 {[%emt 0:00:01]} 5. dxe5 {[%emt 0:00:01]} dxe5 {[%emt 0:00:01]} 6. Nf3 {[%emt 0:00:00]} c6 {[%emt 0:00:02]} 7. Bg5 {[%emt 0:00:01]} Qc7 {[%emt 0:00:02]} 8. Be2 {[%emt 0:00:01]} Bc5 {[%emt 0:00:01]} 9. O-O {[%emt 0:00:01]} h6 {[%emt 0:00:00]} 10. Bh4 {[%emt 0:00:01]} O-O {[%emt 0:00:00]} 11. a3 {[%emt 0:00:01]} Re8 {[%emt 0:00:02]} 12. b4 {[%emt 0:00:01]} Bf8 {[%emt 0:00:00]} 13. c5 {[%emt 0:00:01]} b6 {[%emt 0:00:04]} 14. cxb6 {[%emt 0:00:01]} axb6 {[%emt 0:00:00]} 15. Bc4 {[%emt 0:00:01]} b5 {[%emt 0:00:01]} 16. Bb3 {[%emt 0:00:01]} Nb6 {[%emt 0:00:01]} 17. Qc2 {[%emt 0:00:04]} g5 {[%emt 0:00:02]} 18. Bg3 {[%emt 0:00:01]} Nh5 {[%emt 0:00:00]} 19. Nxb5 {[%emt 0:00:06]} Qb8 {[%emt 0:00:02]} 20. Qxc6 {[%emt 0:00:03]} Be6 {[%emt 0:00:01]} 21. Bxe5 {[%emt 0:00:03]} Qd8 {[%emt 0:00:10]} 22. Bc7 {[%emt 0:00:02]} Qd7 {[%emt 0:00:03]} 23. Qxd7 {[%emt 0:00:07]} Bxd7 {[%emt 0:00:01]} 24. Bxb6 {[%emt 0:00:01]} Bxb5 {[%emt 0:00:01]} 25. e5 {[%emt 0:00:01]} Bxf1 {[%emt 0:00:02]} 26. Rxf1 {[%emt 0:00:00]} Nf4 {[%emt 0:00:00]} 27. Re1 {[%emt 0:00:02]} Rxa3 {[%emt 0:00:03]} 28. Bc4 {[%emt 0:00:03]} Bxb4 {[%emt 0:00:01]} 29. Rb1 {[%emt 0:00:01]} Bc3 {[%emt 0:00:02]} 30. g3 {[%emt 0:00:01]} Ne6 {[%emt 0:00:01]} 31. Kg2 {[%emt 0:00:01]} g4 {[%emt 0:00:03]} 32. Nh4 {[%emt 0:00:01]} Bxe5 {[%emt 0:00:00]} 33. Nf5 {[%emt 0:00:01]} Bg7 {[%emt 0:00:00]} 34. Bd5 {[%emt 0:00:01]} Rd3 {[%emt 0:00:01]} 35. Bxe6 {[%emt 0:00:00]} fxe6 {[%emt 0:00:01]} 36. Bc5 {[%emt 0:00:00]} exf5 {[%emt 0:00:02]} 37. Rb7 {[%emt 0:00:00]} Rd2 {[%emt 0:00:00]} 38. h3 {[%emt 0:00:00]} Rde2 {[%emt 0:00:00]} 39. hxg4 {[%emt 0:00:01]} fxg4 {[%emt 0:00:00]} 40. Bd4 {[%emt 0:00:00]} Bxd4 {[%emt 0:00:02]} 41. Rg7+ {[%emt 0:00:00]} Kxg7 {[%emt 0:00:01]} 42. Kf1 {[%emt 0:00:00]} Rxf2+ {[%emt 0:00:00]} 43. Kg1 {[%emt 0:00:01]} Re1# {[%emt 0:00:00] (Lag: Av=0.74s, max=1.2s) (Lag: Av=0.74s, max=1.2s) (Lag: Av=0.74s, max=1.2s)} 0-1

[Event "Stay Safe Play From Home 395"]
[Site "Emanuel Lasker Arena"]
[Date "2020.08.19"]
[Round "7"]
[White "Fred58300"]
[Black "MihailoVujic"]
[Result "0-1"]
[WhiteElo "1535"]
[BlackElo "2184"]
[Annotator "NA"]
[PlyCount "24"]
[EventDate "2020.08.19"]
[EventType "swiss (blitz)"]

1. e4 {[%emt 0:00:20]} e5 {[%emt 0:00:00]} 2. Nf3 {[%emt 0:00:04]} Nc6 {[%emt 0:00:00]} 3. Be2 {[%emt 0:00:05]} Nf6 {[%emt 0:00:01]} 4. d3 {[%emt 0:00:02]} Be7 {[%emt 0:00:02]} 5. Be3 {[%emt 0:00:03]} O-O {[%emt 0:00:01]} 6. Nbd2 {[%emt 0:00:04]} d5 {[%emt 0:00:01]} 7. exd5 {[%emt 0:00:04]} Nxd5 {[%emt 0:00:00]} 8. Nb3 {[%emt 0:00:03]} Be6 {[%emt 0:00:01]} 9. Qd2 {[%emt 0:00:04]} f6 {[%emt 0:00:01]} 10. O-O {[%emt 0:00:04]} a5 {[%emt 0:00:00]} 11. a4 {[%emt 0:00:03]} Bb4 {[%emt 0:00:03]} 12. c3 {[%emt 0:00:04]} Be7 {[%emt 0:00:00] TimeW TimeW TimeW} 0-1

[Event "Stay Safe Play From Home 395"]
[Site "Emanuel Lasker Arena"]
[Date "2020.08.19"]
[Round "8"]
[White "NTBT_DHS"]
[Black "theCHESSHOUSE"]
[Result "1-0"]
[WhiteElo "2521"]
[BlackElo "1969"]
[Annotator "RC"]
[PlyCount "63"]
[EventDate "2020.08.19"]
[EventType "swiss (blitz)"]

1. d4 {[%emt 0:00:01]} Nf6 {[%emt 0:00:01]} 2. Nc3 {[%emt 0:00:00]} g6 {[%emt 0:00:00]} 3. Bg5 {[%emt 0:00:00]} Bg7 {[%emt 0:00:00]} 4. e4 {[%emt 0:00:00]} Nxe4 {[%emt 0:00:01]} 5. Nxe4 {[%emt 0:00:01]} d5 {[%emt 0:00:00]} 6. Nc5 {[%emt 0:00:01]} b6 {[%emt 0:00:02]} 7. Nb3 {[%emt 0:00:01]} Nc6 {[%emt 0:00:01]} 8. Qd2 {[%emt 0:00:01]} O-O {[%emt 0:00:01]} 9. Bh6 {[%emt 0:00:01]} Bf5 {[%emt 0:00:01]} 10. Bxg7 {[%emt 0:00:01]} Kxg7 {[%emt 0:00:00]} 11. h4 {[%emt 0:00:00]} h5 {[%emt 0:00:01]} 12. f3 {[%emt 0:00:01]} e5 {[%emt 0:00:00]} 13. g4 {[%emt 0:00:01]} hxg4 {[%emt 0:00:01]} 14. h5 {[%emt 0:00:00]} Rh8 {[%emt 0:00:03]} 15. dxe5 {[%emt 0:00:02]} Nxe5 {[%emt 0:00:01]} 16. O-O-O {[%emt 0:00:02]} gxf3 {[%emt 0:00:01]} 17. Qc3 {[%emt 0:00:01]} Qf6 {[%emt 0:00:02]} 18. Rxd5 {[%emt 0:00:04]} Rae8 {[%emt 0:00:06]} 19. Bb5 {[%emt 0:00:04]} c6 {[%emt 0:00:01]} 20. Bxc6 {[%emt 0:00:03]} Qxc6 {[%emt 0:00:04]} 21. Qxc6 {[%emt 0:00:01]} Nxc6 {[%emt 0:00:00]} 22. Rxf5 {[%emt 0:00:04]} gxf5 {[%emt 0:00:01]} 23. Nxf3 {[%emt 0:00:00]} Re2 {[%emt 0:00:04]} 24. Nbd2 {[%emt 0:00:02]} Nb4 {[%emt 0:00:04]} 25. a3 {[%emt 0:00:01]} Nd5 {[%emt 0:00:01]} 26. c4 {[%emt 0:00:00]} Ne3 {[%emt 0:00:01]} 27. Rg1+ {[%emt 0:00:02]} Kh6 {[%emt 0:00:01]} 28. Ne5 {[%emt 0:00:02]} Rh7 {[%emt 0:00:06]} 29. Ndf3 {[%emt 0:00:01]} Rc2+ {[%emt 0:00:02]} 30. Kb1 {[%emt 0:00:01]} Nxc4 {[%emt 0:00:01]} 31. Kxc2 {[%emt 0:00:01]} Nxe5 {[%emt 0:00:01]} 32. Nxe5 {[%emt 0:00:00] theCHESSHOUSE resigns theCHESSHOUSE resigns theCHESSHOUSE resigns (Lag: Av=0.76s, max=1.0s) (Lag: Av=0.76s, max=1.0s) (Lag: Av=0.76s, max=1.0s)} 1-0

[Event "Stay Safe Play From Home 395"]
[Site "Emanuel Lasker Arena"]
[Date "2020.08.19"]
[Round "8"]
[White "IceQueen"]
[Black "AChessPlayer"]
[Result "1-0"]
[WhiteElo "2358"]
[BlackElo "2414"]
[PlyCount "65"]
[EventDate "2020.08.19"]
[EventType "swiss (blitz)"]

1. Nf3 {[%emt 0:00:01]} Nf6 {[%emt 0:00:01]} 2. b3 {[%emt 0:00:00]} d6 {[%emt 0:00:00]} 3. Bb2 {[%emt 0:00:00]} Nbd7 {[%emt 0:00:00]} 4. d4 {[%emt 0:00:00]} g6 {[%emt 0:00:01]} 5. Nbd2 {[%emt 0:00:00]} Bg7 {[%emt 0:00:00]} 6. e3 {[%emt 0:00:00]} O-O {[%emt 0:00:01]} 7. Bd3 {[%emt 0:00:00]} b6 {[%emt 0:00:01]} 8. c4 {[%emt 0:00:00]} Bb7 {[%emt 0:00:00]} 9. Qc2 {[%emt 0:00:00]} c5 {[%emt 0:00:00]} 10. h4 {[%emt 0:00:00]} h5 {[%emt 0:00:02]} 11. Ng5 {[%emt 0:00:01]} Qe8 {[%emt 0:00:02]} 12. O-O-O {[%emt 0:00:02]} e5 {[%emt 0:00:01]} 13. d5 {[%emt 0:00:01]} a6 {[%emt 0:00:01]} 14. f3 {[%emt 0:00:00]} b5 {[%emt 0:00:01]} 15. g4 {[%emt 0:00:02]} Nb6 {[%emt 0:00:01]} 16. gxh5 {[%emt 0:00:02]} Nxh5 {[%emt 0:00:00]} 17. Rdg1 {[%emt 0:00:00]} bxc4 {[%emt 0:00:01]} 18. Nxc4 {[%emt 0:00:00]} Nxc4 {[%emt 0:00:01]} 19. bxc4 {[%emt 0:00:00]} Bc8 {[%emt 0:00:01]} 20. Nxf7 {[%emt 0:00:01]} Qxf7 {[%emt 0:00:03]} 21. Bxg6 {[%emt 0:00:01]} Qxf3 {[%emt 0:00:02]} 22. Rg5 {[%emt 0:00:04]} Ng3 {[%emt 0:00:03]} 23. Re1 {[%emt 0:00:03]} e4 {[%emt 0:00:02]} 24. Bh7+ {[%emt 0:00:05]} Kxh7 {[%emt 0:00:02]} 25. Rxg7+ {[%emt 0:00:00]} Kh6 {[%emt 0:00:00]} 26. Qc3 {[%emt 0:00:00]} Nf5 {[%emt 0:00:12]} 27. Rg5 {[%emt 0:00:05]} Nd4 {[%emt 0:00:02]} 28. exd4 {[%emt 0:00:01]} Qxc3+ {[%emt 0:00:01]} 29. Bxc3 {[%emt 0:00:00]} Bf5 {[%emt 0:00:02]} 30. dxc5 {[%emt 0:00:01]} dxc5 {[%emt 0:00:00]} 31. Bd2 {[%emt 0:00:01]} Kh7 {[%emt 0:00:01]} 32. Reg1 {[%emt 0:00:00]} Ra7 {[%emt 0:00:01]} 33. Rh5# {[%emt 0:00:01] (Lag: Av=0.52s, max=0.9s) (Lag: Av=0.52s, max=0.9s) (Lag: Av=0.52s, max=0.9s)} 1-0